Statistics for Top 10 Richest Countries in Europe

Click here to take the quiz!

General Stats

  • This quiz has been taken 117,498 times
    (71,180 since last reset)
  • The average score is 8 of 10

Answer Stats

GDP per CapitaCountry% Correct
$203,000Monaco
89%
$144,000Luxembourg
86%
$91,900Switzerland
85%
$82,800Norway
83%
$134,000Liechtenstein
79%
$77,600Denmark
74%
$74,200Netherlands
72%
$87,000San Marino
70%
$134,000Ireland
66%
$73,800Iceland
64%

Score Distribution

Percentile by Number Answered

Percent of People with Each Score

Your Score History

You have not taken this quiz since the last reset